00197nam a2200073Ia 4500008004100000245002300041260002100064500003800085231221s9999 xx 000 0 und d 0aMadras law journal c1948bLexisNexis aGratis from NLSIU. Acc. No 11102